000 00815cab a2200181 4500
001 L130544
008 050811n2005 000 0 eng u
035 _a(Sirsi) u130544
041 _aeng
100 _aFletcher, Karen
245 _aGetting tough on carbon emissions
260 _c2005
490 _aConstructing the Future
_vSummer 2005 (25), 8-9(2)
520 _aDiscusses the influence of the new Part L of the Building Regulations that comes into effect in January 2006. Summarises the key points of the new Part L, and discusses projects where sustainable buildings have been created. Looks at the use of photovoltaic cells and wind turbines in the production of electricity.
590 _aIKA160805
690 _aENVIRONMENTAL AND LAND CONSULTANCY-SUSTAINABILITY-SUSTAINABLE DEVELOPMENT
942 _n0
999 _c75689
_d75689